Il rapporto morale.
Guardado en:
| Autor principal: | |
|---|---|
| Formato: | Libro |
| Lenguaje: | inglés |
| Publicado: |
Milano, Italia:
Dott. A. Giuffrè,
1956.
|
| Colección: | Pubblicazioni dell'Istituto di filosofia del diritto dell'Università di Roma,
|
| Materias: | |
| Etiquetas: |
Agregar Etiqueta
Sin Etiquetas, Sea el primero en etiquetar este registro!
|
MARC
| LEADER | 00000nam a22000007a 4500 | ||
|---|---|---|---|
| 003 | CL-VaPUC | ||
| 005 | 20220822114841.0 | ||
| 008 | 220809t1956 ||||| |||| 00| 0 eng d | ||
| 999 | |c 438146 |d 438144 | ||
| 040 | |c Pontificia Universidad Católica de Valparaíso | ||
| 082 | |2 22 |a 340.112 CIC 1956 | ||
| 100 | |9 875152 |a Cicala, Francesco Bernardino |e autore | ||
| 245 | |a Il rapporto morale. | ||
| 260 | |a Milano, Italia: |b Dott. A. Giuffrè, |c 1956. | ||
| 300 | |a XII, 620 páginas. | ||
| 490 | |a Pubblicazioni dell'Istituto di filosofia del diritto dell'Università di Roma, |n IV. | ||
| 500 | |a c.1 Donación Familia Prof. Alejandro Guzmán Brito. | ||
| 583 | |c 20220809 |k Yessy Sthefany Diaz Vidal | ||
| 650 | 0 | |9 255883 |a Derecho y ética | |
| 650 | 0 | |9 394363 |a Derecho y moral | |
| 650 | 0 | |9 255050 |a Filosofía del derecho | |
| 942 | |2 ddc |c BK |n 0 | ||
| 952 | |0 0 |1 0 |2 ddc |4 0 |6 340_112000000000000_CIC_1956 |7 1 |8 C_AGB |9 586027 |a BIBDER |b BIBDER |d 2022-08-09 |e Donación |i 5653927 |o 340.112 CIC 1956 |p 5653927 |r 2023-01-25 |t 1 |w 2022-08-09 |y BK_US |k AGB | ||